| 000 | 00982 a2200289 4500 | ||
|---|---|---|---|
| 003 | Nust | ||
| 005 | 20170207154051.0 | ||
| 010 | _a 2008016522 | ||
| 020 | _a0470292652 (cloth) | ||
| 020 | _a9780470292655 (cloth) | ||
| 035 | _a(OCoLC)223370182 | ||
| 035 | _a(OCoLC)ocn223370182 | ||
| 040 | _cNust | ||
| 082 | 0 | 0 | _a658.312404 |
| 100 | 1 | _aSalisbury, Mark, | |
| 245 | 1 | 0 |
_aiLearning (E-BOOK) _bhow to create an innovative learning organization / _cMark Salisbury. |
| 250 | _a1st ed. | ||
| 260 |
_aSan Francisco : _bPfeiffer, _cc2009. |
||
| 300 |
_axxxv, 251 p. : _bill. ; _c24 cm. |
||
| 490 | 1 | _aEssential resources for training and HR professionals | |
| 500 | _a"An essential knowledge resource"--Jacket. | ||
| 650 | 0 | _aLearning. | |
| 650 | 0 | _aOrganizational learning. | |
| 651 | _aiLearning (E-BOOK) | ||
| 830 | 0 | _aPfeiffer essential resources for training and HR professionals. | |
| 856 | 4 | 1 |
_3Table of contents only _uhttp://www.loc.gov/catdir/toc/ecip0815/2008016522.html |
| 942 |
_2ddc _cBK |
||
| 999 |
_c193136 _d193136 |
||